000 00926nam a2200241Ia 4500
001 17214
003 GE_BSU
008 181216s||||||||xx |||||||||||||| ||und||
040 _cGE_BSU
080 _a821.161.1-31
100 _aტოლსტოი, ალექსი
245 _aთავადი სერებრიანი
245 _bივანე მრისხანის დროის ამბავი
245 _cთარგმნა შ. სულაბერიძემ. რედ. ლ.იმერლიშვილი
260 _aთბილისი
260 _bსაბჭ. საქართველო
260 _c1969
300 _a446გვ. : ილ. ; 20სმ
653 _aთავადი სერებრიანი
653 _aივანე მრისხანის დროის ამბავი
653 _aრომანი
942 _cBK
999 _c50275
_d50275